| 000 | 00983nam a22002297a 4500 | ||
|---|---|---|---|
| 005 | 20170809115412.0 | ||
| 010 | _aENG-115965 | ||
| 020 |
_a9780143422181 _c399.00 |
||
| 035 | _aB-606045-062 EN-99497 | ||
| 035 | _aB-664977 | ||
| 037 |
_adpl _bDBAD/PUB |
||
| 082 | _a891.4412 | ||
| 082 | _aS | ||
| 100 | _aChakravarti, Kavikankan Mukundaram | ||
| 245 |
_aChandimangal/ _cby Kavikankan, Mukundaram Chakravarti |
||
| 260 |
_bPenguin Books _c2015 _aGurgaon |
||
| 270 |
_a7th Floor, Infinity Tower C, DLF Cyber City _bGurgaon _e122002, Haryana India |
||
| 300 |
_a340p. _c19cm(pbk) |
||
| 942 |
_2ddc _cEN _h981.4412 _mCHA |
||
| 999 |
_c95977 _d95977 |
||